Normal view
MARC view
- Capt Ammad Khan
Entry Personal Name
001 - CONTROL NUMBER
- control field: 51211
003 - CONTROL NUMBER IDENTIFIER
- control field: NUST
005 - DATE AND TIME OF LATEST TRANSACTION
- control field: 20210314134931.0
008 - FIXED-LENGTH DATA ELEMENTS
- fixed length control field: 210314|| aca||aabn | a|a d
040 ## - CATALOGING SOURCE
- Original cataloging agency: NUST
- Transcribing agency: NUST
100 ## - HEADING--PERSONAL NAME
- Personal name: Capt Ammad Khan
670 ## - SOURCE DATA FOUND
- Source citation: Work cat.: (NUST): Capt Ammad Khan, Reliability Analysis of Analytical Al Methods for Pile Capacity Prediction at Lahore Ring Road Project, 2017.
